Art & Artifice: Europe or Vegas? Quiz Stats

 Plays Quiz Updated Dec 29, 2017

Also try: Las Vegas Casinos
Challenge
Share
Tweet
Embed
Score 0/15 Timer 01:30
0 Plays Today
% Correct
Louvre
93.8%
Guggenheim
91.6%
Rijksmuseum
89.3%
Acropolis
87.8%
Vatican
87.1%
d'Orsay
85.9%
Hermitage
84.6%
Uffizi
80.8%
% Correct
Tate
80.5%
Ashmolean
78.2%
Prado
76.9%
Kelvingrove
74.7%
Pergamon
70.3%
Arsenal
65.6%
Belvedere
61.2%

You're not logged in!

Compare scores with friends on all Sporcle quizzes.
OR
Log In

You Might Also Like...

Show Comments

Extras

Top Quizzes Today


Score Distribution

Your Account Isn't Verified!

In order to create a playlist on Sporcle, you need to verify the email address you used during registration. Go to your Sporcle Settings to finish the process.

Report this User

Report this user for behavior that violates our Community Guidelines.

Details: